000 00887nam a22002417a 4500
999 _c7656
_d7656
003 AR-CdUCM
008 190321b ||||| |||| 00| 0 spa d
040 _aMUNICIPALIDAD PROVINCIAL DEL CUSCO
_cBIBLIOTECA MUNICIPAL DEL CUSCO
082 _a574.01 /
_bM84
100 _aMonod, Jacques
_921617
245 _aEl azar y la necesidad :
_bEnsayo sobre filosofia natural de la biologia moderna /
260 _aBarcelona :
_bMonte Avila,
_c1971.
300 _a215 paginas ;
_bGraficos,
_c19 cm.
500 _ale hasard et la nécessité - titulo original
505 _aContenido: Extraños objetos -- vitalismos -- demonios de Maxwell -- cibernetica microscopica -- ontogenesis...
650 _aFilosofia
_9395
650 _aBiologia
_9881
650 _aMoleculas
_919928
650 _aEvolución
_97012
700 _aFerrer Lerin, Francisco
_921618
942 _2ddc
_cLIBROS
945 _apjha